000 00469nam a2200181 a 4500
005 20140310183302.0
008 050704s19uu xx 00 eng d
020 _a0-534-58095-5
050 _aHF 5549.5.S38
_b.B47 2003
100 _aBerry, Lilly M.
245 _aEmployee selection/.
260 _aU.S.A :
_bThomson Learning,
_c2003.
300 _a506 p. :
_c26 cm.
521 _aBSBA
650 _aEmployee selection.
942 _cBK
_2lcc
_kFOR
999 _c21008
_d21008